Catálogo
Digital

Catálogo
Digital

Hacia la transparencia y la gobernabilidad con equidad (Record no. 14273)

MARC details
000 -CABECERA
campo de control de longitud fija 01855nam a2200301 4500
003 - IDENTIFICADOR DEL NÚMERO DE CONTROL
campo de control EC-UNACH
005 - FECHA Y HORA DE LA ÚLTIMA TRANSACCIÓN
campo de control 20251211112038.0
006 - CÓDIGOS DE INFORMACIÓN DE LONGITUD FIJA--CARACTERÍSTICAS DEL MATERIAL ADICIONAL
campo de control de longitud fija s||||gr|||| 00| 00
008 - DATOS DE LONGITUD FIJA--INFORMACIÓN GENERAL
campo de control de longitud fija 150116t9999 mx r gr 000 0 spa d
020 ## - NÚMERO INTERNACIONAL ESTÁNDAR DEL LIBRO
Número Internacional Estándar del Libro 9978-43-665-0
040 ## - FUENTE DE LA CATALOGACIÓN
Centro catalogador/agencia de origen EC-UNACH
Centro/agencia transcriptor EC-UNACH
041 ## - CÓDIGO DE LENGUA
Código de lengua del texto/banda sonora o título independiente spa
082 04 - NÚMERO DE LA CLASIFICACIÓN DECIMAL DEWEY
Número de edición 23
Número de clasificación 050
Número de documento/Ítem L018448
110 ## - ENTRADA PRINCIPAL--NOMBRE DE ENTIDAD CORPORATIVA
Nombre de entidad corporativa o nombre de jurisdicción como elemento de entrada Flacso
245 ## - MENCIÓN DE TÍTULO
Título Hacia la transparencia y la gobernabilidad con equidad
250 ## - MENCIÓN DE EDICIÓN
Mención de edición Primera edición
264 ## - Producción, publicación, distribución, fabricación y copyright
Lugar de producción, publicación, distribución, fabricación Ecuador
Nombre del de productor, editor, distribuidor, fabricante Flacso
Fecha de de producción, publicación, distribución, fabricación o copyright 2005
300 ## - DESCRIPCIÓN FÍSICA
Extensión 399
505 ## - NOTA DE CONTENIDO CON FORMATO
Nota de contenido con formato Dedicatoria Presentación Agradecimientos Introducción De la neutralidad de los presupuestos públicos a presupuestos sensibles al género Ana Falú Capítulo 1 Presupuestos sensible al género en UNIFEM, Región Andina: una apuesta regional Raquel Coello Cremades Capítulo 2 Análisis del presupuesto público con enfoque de género: sistematización de experiencias de la región andina y propuesta metodológica Bethsabé Andía Pérez y Arlette Beltrán Barco Estudios de casos: Capítulo 3: Municipios y presupuestos sensibles al género: una aproximación al caso boliviano Carmen Zabalaga Estrada Capítulo 4: Presupuestos públicos con enfoque de género: una aproximación al presupuesto nacional de Bolivia y al del Municipio de la Paz Martha Gutiérrez Capítulo 5 Análisis de género de los presupuestos, planes y programas del Municipio del Distrito Metropolitano de Quito Zonía Palán Tamayo Capítulo 6 Análisis del presupuesto público con enfoque de género: el caso de Villa El Salvador, Lima Perú Bethsabé Andía Pérez y Arlette Beltrán Barco
650 ## - PUNTO DE ACCESO ADICIONAL DE MATERIA--TÉRMINO DE MATERIA
Término de materia o nombre geográfico como elemento inicial ANALISES
650 ## - PUNTO DE ACCESO ADICIONAL DE MATERIA--TÉRMINO DE MATERIA
Término de materia o nombre geográfico como elemento inicial PRESUPUESTO
650 ## - PUNTO DE ACCESO ADICIONAL DE MATERIA--TÉRMINO DE MATERIA
Término de materia o nombre geográfico como elemento inicial ENFOQUE
700 ## - PUNTO DE ACCESO ADICIONAL--NOMBRE DE PERSONA
Nombre de persona Bethsabé Andina / Arlette Beltrán
942 ## - ELEMENTOS DE PUNTO DE ACCESO ADICIONAL (KOHA)
Fuente del sistema de clasificación o colocación Clasificación Decimal Dewey
Tipo de ítem Koha Libros
999 ## - NÚMEROS DE CONTROL DE SISTEMA (KOHA)
Koha biblionumber 14273
Holdings
Estado de pérdida Fuente del sistema de clasificación o colocación Estado dañado No para préstamo Localización permanente Ubicación/localización actual Ubicación en estantería Fecha de adquisición Fuente de adquisición Número de inventario Total de préstamos Signatura topográfica completa Código de barras Fecha visto por última vez Precio válido a partir de Tipo de ítem Koha Centro de costos
  Clasificación Decimal Dewey     Biblioteca Campus Norte Biblioteca Campus Norte Facultad de Ciencias Políticas y Administrativas - Generalidades 11/12/2025 Transitoria segunda Resolución N°0311-CU-UNACH-SE-ORD-16-09-24 39932986   050 AND L018448 L018448 11/12/2025 11/12/2025 Libros  

Powered by Koha